000 00916nas a2200301 4500
001 BR9801591
003 BR-BrBNA
005 20231205100943.0
007 ta
008 230509b bl.|||p| |||| 00| 00por d
040 _aBR-BrBNA
_bpor
_cBiblioteca Nacional de Agricultura
041 _a(Pt)
072 _aP35
100 1 _aRuiz, H.A.
100 1 _aGheyi, H.R.
100 1 _aAlmeida, M.T.
100 1 _aRibeiro, A.C.
245 1 _aTorta de filtro e vinhaca na recuperacao de um solo salino-sodico e no desenvolvimento de arroz irrigado
650 _aArroz Irrigado
650 _aTorta
650 _aVinhaca
650 _aRecuperacao do Solo
650 _aSolo Salino-Sodico
650 _aSalinidade
773 0 _tRevista Brasileira de Ciencia do Solo (Brazil)
_xISSN 0100-0683
_g(Oct-Dec 1997), v. 21 (4) p. 659-665
_wBR9801591
909 _a202311
_bLúcia
_c55
_dLúcia Elande
942 _2AGRIS
_n0
_cANA
999 _c158998
_d158998